Pays où Man Down de Rihanna s'est classé - Statistiques

Statistiques générales
  • Ce quiz a été pris 158 fois
  • Le résultat moyen est 10 sur 17
Statistiques - réponses
Position dans les charts Pays % Correct
1 France
99%
59 États Unis
95%
54 Royaume Uni
89%
63 Canada
82%
8 Italie
82%
6 Brésil
76%
2 Belgique
74%
9 Suisse
70%
3 Pays Bas
60%
35 Suède
55%
17 Norvège
54%
4 Pologne
48%
54 Corée du Sud
26%
15 Hongrie
26%
37 Slovaquie
23%
19 Tchéquie
21%
18 Liban
7%
Aucun quiz correspondant
Distribution des résultats
% des personnes avec chaque résultat
Percentile par nombre de réponses
Votre historique - résultats
Vous n’avez pas pris ce quiz